Statistics for Death Note Character Quiz

Click here to take the quiz!

General Stats

  • This quiz has been taken 537 times
  • The average score is 12 of 30

Answer Stats

HintReal NameAlias% Correct
L
100%
Main CharacterLight Yagami
92%
NN
90%
ShinigamiRyuk
90%
Young, excitable girl in love with the main characterMisa AmaneMisa Misa
80%
Mello
77%
Shinigami #2Rem
77%
KiraKira
76%
Near
68%
Watari
62%
FatherSoichiro Yagami
45%
L's SuccessorsNate RiverNear
37%
Rival of main characterL LawlietL
35%
Rival of main characterRyuzakiRyuzaki
35%
Misa Misa
34%
SisterSayu Yagami
32%
Matt
22%
RivalHideki RyugaHideki Ryuga
15%
MotherSachiko Yagami
12%
WedyMary Kenwood
12%
BB
11%
Beyond BirthdayBB
11%
RivalEraldo CoilEraldo Coil
11%
L's Associates in the UnderworldAiberThierry Morello
10%
Mail JeevasMatt
9%
RivalDeneuveDeneuve
8%
L's Handler and Founder of Wammy's HouseQuillish WammyWatari
6%
Mihael KehlMello
5%
Mary Kenwood
2%
Thierry Morello
2%

Score Distribution

Percentile by Number Answered

Percent of People with Each Score

Your Score History

You have not taken this quiz